[Event "Hastings 9091"]
[Site "Hastings"]
[Date "1990.12.??"]
[Round "8"]
[White "Speelman, Jonathan S"]
[Black "Kosten, Anthony C"]
[Result "1-0"]
[WhiteElo "2605"]
[BlackElo "2510"]
[Annotator "Ribli,Z"]
[PlyCount "81"]
[EventDate "1990.12.??"]
[EventType "tourn"]
[EventRounds "14"]
[EventCountry "ENG"]
[EventCategory "13"]
[SourceTitle "CBM 022"]
[Source "ChessBase"]
[SourceDate "1991.06.01"]
[SourceVersion "1"]
[SourceVersionDate "1991.06.01"]
[SourceQuality "1"]

1. Nf3 Nf6 2. c4 e6 3. Nc3 Bb4 4. e3 O-O 5. Be2 d5 (5... b6 6. a3 Bxc3 7. bxc3
Re8 8. O-O e5 9. Ne1 Ba6 $10 {Speelman-Dorfman Moskva GMA op 49/(17)}) 6. a3
Be7 7. d4 b6 8. O-O Bb7 9. b4 a5 10. b5 dxc4 11. Qc2 $1 Nd5 12. Bb2 Nxc3 13.
Qxc3 c6 14. bxc6 Bxc6 15. Qxc4 $14 b5 16. Qc2 Qb6 17. Ne5 Bd5 18. Bd3 $1 g6 19.
Qe2 b4 20. axb4 Bxb4 21. e4 Bb7 22. d5 $1 exd5 23. exd5 Qd6 24. Qf3 f6 (24...
Bxd5 25. Ng4 $1) 25. Nc4 Bxd5 26. Qe3 Bxc4 27. Bxc4+ Kg7 28. h4 $146 Nc6 29.
Rad1 Qe7 30. Qh3 Rad8 31. h5 Ne5 32. h6+ Kh8 33. Bb3 Rd2 34. Rxd2 Bxd2 35. Rd1
Bb4 36. f4 Nc6 37. Qf3 Bc5+ 38. Kh1 Nb4 39. f5 Bd6 40. Rxd6 $1 Qxd6 41. Qb7 1-0

[Event "Debrecen"]
[Site "Debrecen"]
[Date "1990.??.??"]
[Round "6"]
[White "Wojtkiewicz, Aleksander"]
[Black "Romanishin, Oleg M"]
[Result "1/2-1/2"]
[WhiteElo "2550"]
[BlackElo "2525"]
[Annotator "Ribli,Z"]
[PlyCount "56"]
[EventDate "1990.06.??"]
[EventType "tourn"]
[EventRounds "11"]
[EventCountry "HUN"]
[EventCategory "13"]
[SourceTitle "CBM 020"]
[Source "ChessBase"]
[SourceDate "1991.02.01"]
[SourceVersion "1"]
[SourceVersionDate "1991.02.01"]
[SourceQuality "1"]

1. Nf3 Nf6 2. c4 e6 3. Nc3 Bb4 4. Qc2 c5 5. a3 (5. g3 Nc6 6. Bg2 O-O 7. O-O Qe7
8. b3 {Uhlmann-Csom Debrecen 1989 47/21}) 5... Ba5 6. g3 Nc6 7. Bg2 O-O 8. O-O
d6 9. b3 (9. e3 e5 10. b3 h6 11. Bb2 a6 12. d4 Bxc3 13. Bxc3 Qc7 14. Qb2 Re8
15. d5 Nd8 16. Nd2 $14 {Huebner-Mohrlock Büsum 1968}) 9... e5 10. Bb2 Bg4 11.
e3 Qd7 12. Ng5 h6 13. Nge4 Nxe4 14. Bxe4 Bh3 15. Rfe1 f5 16. Bd5+ Kh8 17. f4
Rae8 18. d3 Re7 19. Qf2 Qe8 20. Bf3 Qg6 21. Kh1 Bg4 22. Re2 Bxf3+ 23. Qxf3 Bxc3
24. Bxc3 e4 25. dxe4 Rxe4 26. Rd1 Rfe8 27. Kg2 R8e6 28. Kf2 Ne7 1/2-1/2

[Event "Interzonal-15"]
[Site "Manila"]
[Date "1990.??.??"]
[Round "7"]
[White "Dzindzichashvili, Roman"]
[Black "Salov, Valery"]
[Result "1/2-1/2"]
[WhiteElo "2560"]
[BlackElo "2655"]
[Annotator "Ribli,Z"]
[PlyCount "101"]
[EventDate "1990.06.29"]
[EventType "swiss"]
[EventRounds "13"]
[EventCountry "PHI"]
[SourceTitle "CBM 019"]
[Source "ChessBase"]
[SourceDate "1990.12.01"]
[SourceVersion "1"]
[SourceVersionDate "1990.12.01"]
[SourceQuality "1"]

1. Nf3 Nf6 2. c4 e6 3. Nc3 Bb4 4. Qb3 c5 5. a3 Ba5 6. g3 O-O 7. Bg2 Nc6 (7...
d5 8. O-O d4 9. Na4 Nbd7 10. Qc2 Rb8 11. b4 cxb4 12. axb4 (12. Nxd4 $1) 12...
Bxb4 13. Nxd4 $14 {Illescas Cordoba,M-Kortschnoj,V Barcelona WCup 47/19 CBM 12}
) 8. O-O d6 (8... d5 9. d3 d4 10. Na4 b6 11. Ne5 $14 {Speelman,J-Seirawan,J
Saint John cm 1988 45/14 CBM 6}) 9. d3 Qe7 (9... Rb8 10. Nh4 $6 Bd7 11. Bd2 a6
12. Qd1 b5 13. b4 Bc7 14. cxb5 axb5 15. Rb1 cxb4 16. axb4 $10 {Kavalek-Ree m
1969}) (9... Rb8) 10. Bd2 Rd8 11. Qa4 Bd7 12. Rab1 (12. b4 $2 Nxb4 $1 13. Qb3 (
13. Qxa5 b6 $19) 13... Nc6 {/\} 14. Qxb7 $2 Rab8 15. Qa6 Rb6 $19) 12... Be8 13.
Rfc1 (13. b4 Nxb4 14. Qb3 Nc6 15. Qxb7 $10) 13... h6 14. Qd1 Rac8 15. Qe1 b6
16. e4 Ng4 17. Qd1 Bxc3 (17... Nge5 18. Ne1 $14) 18. bxc3 Nf6 19. Qe2 d5 20. e5
(20. cxd5 $5 exd5 21. e5) 20... Nh7 21. cxd5 Rxd5 22. d4 Rdd8 (22... cxd4 23.
cxd4 Nxd4 24. Nxd4 Rxc1+ 25. Rxc1 Rxd4 26. Bb4 $146) 23. Be3 (23. Qa6 $13)
23... cxd4 24. cxd4 Qxa3 25. Ra1 Qe7 26. Qa6 Qd7 27. Rd1 Rc7 28. Qa3 Qe7 29.
Qb2 Na5 30. Nd2 Bc6 31. Ne4 Ng5 (31... Nc4 $5) (31... Bd5 $15) (31... Bd5 $17)
32. Bxg5 hxg5 33. Rac1 Bxe4 34. Bxe4 Rxc1 35. Rxc1 g6 36. Qc3 Kg7 37. Kg2 Qd7
38. Rd1 Rc8 39. Qe3 Qe7 40. d5 $1 Nc4 41. Qd4 Qc5 (41... exd5 42. Bxd5 Nxe5 $2
(42... Qxe5 $2 43. Bxc4) (42... Qc5 43. Qxc5 Rxc5 44. Bxc4 Rxc4 45. Rd7 Re4 46.
Rxa7 Rxe5 $15) 43. f4) 42. dxe6 Qxd4 43. Rxd4 fxe6 44. Rd7+ Kh6 45. Rxa7 Nxe5
46. Re7 Rc4 47. Bb7 Rb4 48. Rxe6 Nd7 49. Be4 Nf8 (49... Nc5 50. Rxg6+ Kh5 51.
Bf5 $18) 50. Re7 Nh7 51. Re6 1/2-1/2

[Event "Haninge"]
[Site "Haninge"]
[Date "1990.??.??"]
[Round "7"]
[White "Ftacnik, Lubomir"]
[Black "Van der Wiel, John"]
[Result "1/2-1/2"]
[WhiteElo "2560"]
[BlackElo "2550"]
[Annotator "Ribli,Z"]
[PlyCount "99"]
[EventDate "1990.05.??"]
[EventType "tourn"]
[EventRounds "11"]
[EventCountry "SWE"]
[EventCategory "14"]
[SourceTitle "CBM 018"]
[Source "ChessBase"]
[SourceDate "1990.10.01"]
[SourceVersion "1"]
[SourceVersionDate "1990.10.01"]
[SourceQuality "1"]

1. Nf3 Nf6 2. c4 e6 3. Nc3 Bb4 4. g3 c5 {4...0-0 5.Bg2, b6?! 6.Ne5 Ribli,
Z-Anand,V Reggio 1988 CBM/11 i 47/20} 5. Bg2 Nc6 6. O-O d6 7. b3 O-O 8. Bb2 e5
9. Ne1 {9.d3!?, /\ Nd2} Bxc3 10. Bxc3 Re8 11. f4 {11.Nc2!?} Nd4 12. e3 Bg4 $1
13. Nf3 Nxf3+ 14. Bxf3 Qd7 15. fxe5 dxe5 16. d4 Bxf3 17. Qxf3 exd4 18. exd4
cxd4 19. Rad1 Re4 {=/+} 20. Rfe1 Rxe1+ 21. Bxe1 Ng4 22. Qd5 Qxd5 23. cxd5 Ne3
24. Rxd4 Rd8 25. d6 Nc2 26. Rd1 Nxe1 27. Rxe1 f6 28. Re7 Rxd6 29. Rxb7 Rd1+ 30.
Kg2 Rd2+ 31. Kf3 Rxa2 32. h4 h5 33. b4 Kh7 34. b5 Ra3+ 35. Kg2 Kg6 36. b6 axb6
37. Rxb6 Ra7 38. Rb5 Re7 39. Kf3 Re5 40. Rb7 Ra5 41. Rc7 Ra3+ 42. Kg2 Ra6 43.
Rb7 f5 44. Rb5 Ra2+ 45. Kf3 Ra4 46. Rb6+ Kh7 47. Rb5 g6 48. Rb7+ Kh6 49. Rc7
Rg4 50. Rf7 1/2-1/2

[Event "Pamplona 9798 8th"]
[Site "Pamplona"]
[Date "1998.01.05"]
[Round "9"]
[White "San Segundo Carrillo, Pablo"]
[Black "Bacrot, Etienne"]
[Result "1-0"]
[WhiteElo "2495"]
[BlackElo "2545"]
[Annotator "Ribli,Z"]
[PlyCount "51"]
[EventDate "1997.12.28"]
[EventType "tourn"]
[EventRounds "9"]
[EventCountry "ESP"]
[EventCategory "13"]
[SourceTitle "CBM 063"]
[Source "ChessBase"]
[SourceDate "1998.03.26"]
[SourceVersion "1"]
[SourceVersionDate "1998.03.26"]
[SourceQuality "1"]

1. Nf3 Nf6 2. c4 e6 3. Nc3 Bb4 4. Qc2 c5 5. a3 Ba5 (5... Bxc3 6. Qxc3 $14) 6.
g3 O-O 7. Bg2 Nc6 8. O-O Qe7 (8... d6 $5 9. d3 Bd7 $5 (9... a6 $5 10. Rd1 e5
11. Bg5 Bxc3 12. Qxc3 a5 13. e3 h6 14. Bxf6 Qxf6 15. Nd2 Qe7 16. Rf1 Be6 17. f4
Qd7 18. Rf2 exf4 19. gxf4 f5 $13 {Milos,G-Sunye Neto,J/Sao Paulo zt/1995/EXP47/
}) (9... h6 $6 10. e3 (10. Rb1 e5 11. e3 Be6 12. Na2 Qd7 13. b4 Bd8 14. Nc3 Rc8
15. bxc5 dxc5 16. e4 Bg4 $1 $13 {Kamsky,G-Karpov,An/Reggio Top 16/1991/CBM22/
INF51,16/}) 10... e5 11. Nd5 $1 $146 (11. h3 Be6 12. Kh2 Rc8 13. b3 d5 14. Na4
b6 15. Rd1 d4 16. Rb1 a6 17. exd4 exd4 18. Bf4 Re8 19. Rb2 Nd7 20. Bd6 Nf6 21.
b4 $36 {Karpov,An-Adams,M/Groningen/1995/CBM51/}) 11... Be6 12. Nd2 Rc8 13. b3
Nh7 14. f4 Qd7 15. Bb2 $14 {Vaganian,R-Dautov,R/Reggio9596 1996/1-0 (69)}) 10.
Rb1 Rc8 11. Na2 Bc7 12. b4 b6 13. b5 Ne5 14. Ne1 d5 15. f4 Ng6 16. cxd5 exd5
17. e4 d4 18. Nf3 Bb8 19. Nd2 Ne8 20. a4 f5 21. e5 Be6 {1/2-1/2 Agrest,
E-Romanishin,O/Biel op MTO 1997}) 9. e3 (9. Rb1) (9. Rd1) (9. d3) 9... d5 10.
Na4 $5 $146 {[%cal Ga4c5] Der Springer kontrolliert den Bauern c5. Schwarz
kann nicht so gut 10...b6 ziehen, denn dann steht der Läufer auf a5 sehr
verdächtig. Ribli.} (10. b3 Rd8 11. cxd5 exd5 12. Na4 Bb6 13. Bb2 Bg4 14. Rac1
Bxf3 15. Bxf3 Ne4 16. Bg2 Rac8 17. d3 Ng5 18. Nxc5 d4 19. Na4 dxe3 20. Nxb6
axb6 21. Qe2 exf2+ 22. Rxf2 Qxe2 23. Rxe2 Ne6 {1/2-1/2 Lukov,V-Georgiev,K/
BUL-ch 1981 (63)}) 10... dxc4 (10... d4 11. exd4 Nxd4 (11... cxd4 12. b4 Bc7
13. b5 (13. d3 e5 14. Re1 $14) 13... Ne5 14. Nxd4 $16) 12. Nxd4 cxd4 13. b4 $14
) 11. Qxc4 $14 {[%csl Rc5]} Nd7 (11... b6 12. b4 $18 {[%csl Ra5]}) (11... Bb6
12. b4 cxb4 13. axb4 $14 Nxb4 $2 (13... Qxb4 $2 14. Qxb4 Nxb4 15. Nxb6 $18) 14.
Nxb6 $18) 12. d4 {[%csl Rc8] Schwarz hat ernsthafte Probleme mit der
Entwicklung des Damenflügels. Bemerkenswert ist der Unterschied zwischen dem
g2- und dem c8-Läufer.} Nb6 (12... cxd4 13. Nxd4 Nxd4 14. Qxd4 {[%csl Rc8,Gg2]
Weiß spielt 15.b4m nebst 16.Bb2 mit freiem Spiel.}) 13. Nxb6 Bxb6 14. dxc5 Qxc5
(14... Bxc5 15. b4 Bd6 16. Bb2 $14 {Weiß steht mit den Läufern auf den langen
Diagonalen aktiver.}) 15. Qxc5 Bxc5 16. b4 Be7 17. Rd1 Rd8 $6 {Dieser Zug
gefällt mir nicht. Nach der Partiefortsetzung kann Weiß seinen anderen Läufer
problemlos auf die lange Diagonale entwickeln.} (17... Bf6 18. Ra2 $14 (18. Rb1
$14)) 18. Bb2 {[%csl Gb2,Gg2] [#]} f6 {Schwarz möchte 19...e5 mit ziehen, um
den b2-Läufer in seiner Aktivität einzuschränken. Es fehlt ihm dazu aber ein
Tempo...} 19. Nd4 Nxd4 $6 (19... Bd7 $5 20. Rac1 $14 (20. Nxc6 Bxc6 21. Bxc6
bxc6 {Schwarz hat teoretisch Probleme mit seiner Bauernstruktur, aber das
Material ist reduziert und er kann die Stellung mit 22...a5 vereinfachen.}))
20. Bxd4 $16 {[%csl Rc8,Gd4,Gg2]} e5 21. Bc5 Kf7 (21... Rxd1+ 22. Rxd1 Bxc5 23.
bxc5 Kf7 24. Rd8 {[%csl Gd8][%cal Rd8a8] Die Fesselung auf der Grundreihe ist
sehr unangenehm für Schwarz.}) 22. Rxd8 Bxd8 23. a4 {Mit dem Partiezug gewinnt
Weiß Raum am Damenflügel. Leider kann Schwarz nur abwarten.} f5 (23... Be7 24.
Rc1) 24. Bd5+ Ke8 (24... Be6 25. Bxb7 $16 {Weiß hat einen Mehrbauern und seine
Bauernmehrheit erscheint leicht verwertbar.}) 25. a5 a6 26. f4 {Und Schwarz
gab in dieser kaum haltbaren Stellung auf (oder überschritt die Bedenkzeit).
Seine Lage ist extrem schwierig, aber eine Aufgabe käme mir zu früh.} (26. f4
Bf6 27. Rc1 g5 28. Kf2 $16 (28. Bb6 gxf4 29. gxf4 exf4 30. exf4 Bd8 31. Re1+
Kd7 32. Be6+ Kd6 33. Bc5+ (33. Bxc8 $2 Bxb6+ $11) (33. Bxd8 $2 Bxe6 $11) 33...
Kc6 34. Bb3 $16 {[%csl Rc6]})) 1-0

[Event "FIDE-Wch k.o."]
[Site "Groningen"]
[Date "1997.12.10"]
[Round "1.3"]
[White "Zvjaginsev, Vadim"]
[Black "Benjamin, Joel"]
[Result "1/2-1/2"]
[WhiteElo "2635"]
[BlackElo "2580"]
[Annotator "Ribli,Z"]
[PlyCount "105"]
[EventDate "1997.12.09"]
[EventType "k.o."]
[EventRounds "7"]
[EventCountry "NED"]
[SourceTitle "CBM 063"]
[Source "ChessBase"]
[SourceDate "1998.03.26"]
[SourceVersion "1"]
[SourceVersionDate "1998.03.26"]
[SourceQuality "1"]

1. c4 Nf6 2. Nf3 e6 3. Nc3 Bb4 4. g4 {Heutzutage ist im Schach alles möglich!
Nach meiner Meinung macht die Entwicklung der Schachcomputer das Schachspiel
viel konkreter. Der Partiezug wurde das erste Mal von Zvjagincev 1996 gegen M.
Gurevic in einer Schnellpartie in Moskau gespielt. Dieser scharfe Zug ist
üblicher in der Sizilianischen Verteidigung (Scheveninger Variante - nach 1.e4
c5 2.Nf3 d6 3.d4 cxd4 4.Nxd4 Nf6 5.Nc3 e6 6.g4 - der sogenannte Keres-Angriff)
und seltener in geschlossenen Systemen, wie z.B. der Slawischen Verteidigung
nach 1.d4 d5 2.c4 c6 3.Nc3 Nf6 4.Nf3 e6 5.e3 Nbd7 6.Qc2 Bd6 7.g4!?. Ribli.} h6
$5 {Wie im Keres-Angriff der Sizilianischen Verteidigung ist das die beste
Möglichkeit für Schwarz.} (4... d5 $6 5. g5 Ne4 6. Qa4+ Nc6 7. Nxe4 dxe4 8. Ne5
$14) 5. Rg1 (5. h3 $5) 5... d6 (5... d5 $5) 6. h4 e5 $13 {Weiß gewinnt Raum am
Königsfluegel, aber es gibt dort noch keine konkreten Möglichkeiten, während
Schwarz seine Zentrumsstellung verbessert.} 7. g5 hxg5 8. hxg5 Ng4 9. Nd5 (9.
Qa4+ $2 Nc6 $15) 9... Bc5 {[%cal Rc5f2,Rf2e1]} 10. d4 {Weiß kann nicht
abwarten, er muß aktiv spielen.} (10. e3 c6 $15) 10... Bb6 $5 (10... exd4 $6
11. b4 Bb6 12. Nxb6 axb6 13. Qxd4 $16 {[%csl Gd4,Rg4][%cal Rd4g7]}) 11. Nxb6
axb6 12. Qd3 {Weiß muß die Drohung 12...e4 bedienen.} (12. b3 e4 13. Nd2 e3 $17
) (12. dxe5 dxe5 (12... Nxe5 13. Nxe5 dxe5 14. Qxd8+ Kxd8 $11) 13. Qxd8+ Kxd8
14. b3 $11 (14. b3 {Tsesarsky} Nc6 (14... e4 15. Nd4 Na6 (15... Rh2 16. Bf4 $16
) 16. Bf4 Nb4 17. Rd1 Ke7 18. Bxc7 $16) 15. Bb2 Ke7 $11)) 12... Nc6 (12... Qe7
{Tsesarsky} 13. dxe5 (13. Qe4 Qe6 14. d5 Qf5 15. Qxf5 Bxf5 16. Bg2 Na6 17. Bd2
Nc5 $17) 13... Nxe5 14. Nxe5 dxe5 15. Bg2 Na6 16. Bd2 Nc5 17. Qe3 Rh2 18. Bc3
$14) 13. Qe4 {Die Stellung ist recht komplitziert: Weiß hat das Läuferpaar und
der g4-Springer steht unsicher, aber Schwarz hat Entwicklungsvorspung, denn
seine beiden Türme stehen in ihrer Grundstellung sehr aktiv.} (13. d5 Ne7 $13)
13... f5 (13... Nh2 14. Nxh2 Rxh2 15. dxe5 dxe5 16. Rh1 Rxh1 17. Qxh1 Nb4 18.
Qh7 $13 {[%cal Gh7c2]} (18. Qh8+ Ke7 19. Qh7 g6) 18... g6 19. Qh8+ $16 {
[%csl Re5]}) 14. gxf6 Qxf6 15. dxe5 (15. Rxg4 Bf5 16. Rh4 O-O-O (16... Bxe4 17.
Rxh8+ Ke7 18. Bg5 Rxh8 19. Bxf6+ gxf6 20. dxe5 fxe5 (20... dxe5 {Das führt mit
Zugumstellung zur Partiefortstzung.})) 17. Bh3 Bxh3 18. Rxh3 Rxh3 19. Qg4+ $18)
15... dxe5 (15... Ngxe5 16. Nxe5 Nxe5 (16... Qxe5 17. Qg6+ $36) 17. Bf4 $14 (
17. f4 Qh4+ 18. Kd1 $13)) 16. Rxg4 Bf5 {Sonst verliert Schwarz zwei
Leichtfiguren gegen den Turm.} 17. Rh4 Bxe4 (17... O-O-O {[%csl Re1][%cal
Gd8d1]} 18. Bg5 $1 (18. Qxf5+ $2 Qxf5 19. Bh3 Qxh3 20. Rxh3 Rxh3 $19) (18. Qe3
Nb4 $19 {[%csl Re1,Re3][%cal Rb4c2,Rc2e3,Rc2e1]}) 18... Bxe4 (18... Qg6 19. Qe3
(19. Bh3 $18 {[%cal Gh3c8,Ge4g6]}) 19... Nb4 20. Rc1 Nc2+ 21. Rxc2 Bxc2 22.
Bh3+ Kb8 23. Bxd8 $18) (18... Qe6 19. Bh3 Bxh3 20. Bxd8 $18) 19. Bxf6 gxf6 (
19... Bxf3 20. Bxd8 $18) 20. Rxe4 $18) (17... Rxh4 {Tsesarsky} 18. Qxh4 $18)
18. Rxh8+ Ke7 (18... Kd7 19. Bh3+ Kd6 (19... Ke7 20. Bg5 Rxh8 21. Bxf6+ gxf6
22. Bg2 {und Partiefortsetzung nach Zugumstellung.}) 20. Ng5 $13 {[%cal Rg5e4,
Re4f6,Re4d6]}) 19. Bg5 (19. Rxa8 Bxf3 (19... Nb4 20. Bg5) 20. exf3 Nd4 $44 {
[%csl Re1] Weiß hat zwei Türme und Läufer für die Dame, aber seine Entwicklung
und seine Königsstellung sind sehr schlecht.} (20... Nd4 {Tsesarsky} 21. Bd3
Nxf3+ 22. Kf1 Nh2+ 23. Kg2 Qf3+ 24. Kxh2 Qxf2+ 25. Kh3 Qf3+ 26. Kh4 Qxd3 27.
Bg5+ Kf7 $132)) 19... Rxh8 20. Bxf6+ gxf6 21. Bg2 $15 {Nach den großen
Komplikationen haben wir eine relativ einfache Stellung. Schwarz hat aktives
Figurenspiel und somit die etwas besseren Chancen.} Nd4 (21... Nb4 22. Kd2 {
[%cal Gd2c3] Der weiße König strebt nach c3.}) 22. Nxd4 Bxg2 23. Nf5+ Ke6 24.
Ng3 f5 $6 (24... Bc6 $15 {[%csl Gc6,Ge6,Gh8] Schwarz hat aktive Figuren und
einen gut zentralisierten König.} 25. e4 $2 Bxe4 26. Nxe4 Rh1+ $19) 25. f3 f4 (
25... Rh2 $5) 26. Kf2 fxg3+ (26... Rh2 27. Ne4 Bh3+ 28. Kg1 Rg2+ (28... Rxe2 $2
29. Ng5+ Kf5 30. Nxh3 Rxb2 $14) 29. Kh1 Ke7 30. Nc3 $11) (26... Bh3 27. Rh1 {
[%cal Gh1h8]} fxg3+ 28. Kxg3 Rg8+ 29. Kxh3 $14) (26... Bxf3 {Tsesarsky} 27.
Kxf3 Rh3 28. Rg1 $11) 27. Kxg2 Rh2+ 28. Kxg3 Rxe2 {Schwarz steht aufgrund
seiner besseren Turmstellung etwas aktiver in diesem Turmendspiel.} 29. b3 {
[%csl Ra1,Ge2,Ge6]} c5 (29... Kd6 30. Rd1+ Kc5 31. Rd5+ Kc6 (31... Kb4 32. Rd7
{[%cal Rd7b7]} Rxa2 33. Rxc7 $11) 32. b4 $16 {[%csl Rc6][%cal Rb4b5]}) 30. Rh1
$11 {[%csl Ge2,Gh1] Weiß aktiviert seinen Turm und erlangt so vollen Ausgleich.
} Kd6 31. Rh6+ Kc7 32. Re6 Rxa2 (32... Re3 33. Kf2 Rc3 34. Rxe5 Rc2+ 35. Re2
$18 {[%csl Rc7,Gf3][%cal Rf3f8]}) 33. Rxe5 Rb2 34. Re3 $14 {Weiß hat einen
Freibauern auf f3 und der schwarze König ist abgeschnitten. Das reduzierte
Material, sowie der aktive schwarze Turm garantieren jedoch die Punkteteilung.}
b5 $5 {Schwarz mobilisiert seine Reserven.} 35. cxb5 Kb6 36. f4 Kxb5 37. f5 Rd2
(37... Kb4 $2 38. f6 $18 Rd2 39. f7 Rd8 40. Re8) 38. f6 Rd8 39. Re7 (39. f7 Rf8
40. Re7 b6 $11) 39... b6 40. Re4 Rf8 41. Rf4 {[%cal Gf4f6,Gf4a4] Der weiße
Turm steht ausgezeichnet. Er unterstützt den Freibauern von hinten und
schneidet den schwarzen König vom b3-Bauern ab.} Kc6 42. Kg4 Kd5 43. Kf5 b5 {
Schwarz mobilisiert seine Bauern am Damenflügel. Wahrscheinlich muß er den
Turm für den f-Bauern geben, aber der verbleibende schwarze Freibauer am
Damenflügel sichert das Remis.} 44. Kg6 c4 45. Rf5+ $5 (45. bxc4+ bxc4 $11)
45... Ke6 (45... Kc6 46. bxc4 (46. b4) 46... bxc4 47. f7 c3 48. Rf3 $18) 46. f7
cxb3 47. Rxb5 Rxf7 $11 48. Rb6+ Kd5 49. Kxf7 Kc4 {Der schwarze b-Bauer und der
aktive König garantieren das Remis. Der weiße Koenig ist zu weit vom Bauern
entfernt.} 50. Ke6 Kc3 51. Kd5 b2 52. Ke4 Kc2 53. Rxb2+ {und remis. Ribli.} (
53. Rc6+ Kd2 54. Rb6 Kc2 $11) (53. Rxb2+ Kxb2 $11) 1/2-1/2

[Event "Interzonal-15"]
[Site "Manila"]
[Date "1990.??.??"]
[Round "7"]
[White "Portisch, Lajos"]
[Black "Yudasin, Leonid"]
[Result "0-1"]
[WhiteElo "2590"]
[BlackElo "2615"]
[Annotator "Ribli,Z"]
[PlyCount "162"]
[EventDate "1990.06.29"]
[EventType "swiss"]
[EventRounds "13"]
[EventCountry "PHI"]
[SourceTitle "CBM 019"]
[Source "ChessBase"]
[SourceDate "1990.12.01"]
[SourceVersion "1"]
[SourceVersionDate "1990.12.01"]
[SourceQuality "1"]

1. c4 Nf6 2. Nc3 e6 3. Nf3 c5 4. g3 b6 5. e4 $6 Bb7 6. d3 Be7 7. Bg2 O-O 8. O-O
d6 9. h3 (9. b3) 9... a6 (9... Nc6 $6 10. d4 cxd4 11. Nxd4 Rc8 12. Nxc6 Bxc6
13. Bf4 Qc7 14. Qe2 a6 15. Rac1 Rfd8 16. Rfd1 Qa7 17. a4 e5 18. Bg5 a5 19. Nb5
Qb8 20. h4 h6 21. Bxf6 Bxf6 22. Bh3 $16 {Smyslov-Reshevsky Beograd 1970 9/19})
10. b3 Bc6 11. Bb2 b5 12. e5 dxe5 13. Nxe5 Bxg2 14. Kxg2 Qb6 15. Qf3 Nbd7 16.
Qc6 Rab8 $1 17. Qxb6 Rxb6 18. f4 Rd8 19. Rad1 Ne8 20. g4 Nb8 21. Rfe1 f6 22.
Nf3 Kf7 23. Ne4 Nd6 $1 24. Ned2 (24. Nxc5 Nxc4 25. Nxe6 Rxe6 26. dxc4 $2 (26.
Rxe6 $2 Nxb2 $1) (26. bxc4 Rxe1 27. Rxe1 Rxd3) 26... Rxd1 $1) 24... Nc6 25. Ba3
Nb7 26. Ne4 Nb4 27. Bxb4 cxb4 28. f5 exf5 29. gxf5 a5 30. d4 bxc4 31. bxc4 a4
32. c5 Rb5 33. Rd2 Na5 34. Rde2 Bf8 35. Rc1 b3 36. axb3 axb3 37. Rb2 Rb4 38.
Ned2 Rd5 39. Ra1 Rb5 40. Ne4 Nc4 41. Ra7+ Kg8 42. Nc3 Nxb2 43. Nxb5 Nc4 44. Nc3
b2 45. Rb7 Rxf5 46. c6 Bd6 47. Nb1 Ra5 48. Nfd2 Nxd2 49. Nxd2 Ra4 50. Rd7 Rxd4
51. Nb1 Rd3 52. c7 Rg3+ 53. Kh2 Bxc7 54. Rxc7 Rb3 55. h4 Rb5 56. Kg3 h5 57. Kh3
Kh7 58. Kg3 Rb6 59. Rc4 g5 60. hxg5 fxg5 61. Kg2 Kg6 62. Rc5 Rb4 63. Kh2 h4 64.
Kg2 Kh5 65. Kh3 Rb3+ 66. Kg2 h3+ 67. Kh2 Kh4 68. Rc8 Re3 69. Rc4+ g4 70. Rb4
Re2+ 71. Kh1 Kg5 72. Nc3 Rc2 73. Ne4+ Kg6 74. Rb6+ Kf7 75. Nd6+ Kf8 76. Rb8+
Kg7 77. Nf5+ Kg6 78. Ne3 Rc1+ 79. Kh2 b1=Q 80. Rxb1 Rxb1 81. Nxg4 Kg5 {Ribli}
0-1

[Event "Interzonal-15"]
[Site "Manila"]
[Date "1990.??.??"]
[Round "9"]
[White "Georgiev, Kiril"]
[Black "Anand, Viswanathan"]
[Result "1/2-1/2"]
[WhiteElo "2580"]
[BlackElo "2610"]
[Annotator "Ribli,Z"]
[PlyCount "76"]
[EventDate "1990.06.29"]
[EventType "swiss"]
[EventRounds "13"]
[EventCountry "PHI"]
[SourceTitle "CBM 019"]
[Source "ChessBase"]
[SourceDate "1990.12.01"]
[SourceVersion "1"]
[SourceVersionDate "1990.12.01"]
[SourceQuality "1"]

1. Nf3 Nf6 2. c4 e6 3. Nc3 b6 4. e4 Bb7 5. Bd3 c5 6. e5 Ng4 7. O-O Nc6 8. Be4
f5 9. exf6 Nxf6 10. Bxc6 Bxc6 11. d4 Bxf3 (11... cxd4 12. Nxd4 Bb7 13. Bf4 Be7
14. Qe2 O-O 15. Bg3 Qe8 16. Rad1 Qg6 17. Qd3 Qg4 18. Qe2 Qg6 $10 {Smejkal,
J-Marjanovic,S Trnava-A 1989 CBM 12}) 12. Qxf3 cxd4 13. Nb5 Rc8 14. b3 (14. Bf4
$6 a6 15. Nxd4 Rxc4 16. Rfd1 Qc8 17. Rac1 Kf7 18. Qe2 Rxc1 19. Rxc1 $146 {
Speelman,J-Short,N Barcelona WCup 1989 47/18 CBM 12}) 14... a6 15. Nxd4 Bc5 16.
Be3 O-O 17. Qe2 b5 $5 18. cxb5 Qb6 19. Qd2 axb5 (19... Nd5 20. bxa6 Nxe3 21.
fxe3 Qxa6 22. b4) 20. b4 $8 Bxd4 21. Bxd4 Qb7 22. a4 Rc4 23. a5 Nd5 24. Be5 (
24. Bc5 Rd8) 24... Rf5 25. Bd6 Qa6 26. Bc5 d6 $1 27. Bb6 $1 Rxb4 28. Rfe1 Kf7
29. Bd4 Rc4 30. g3 Ne7 31. Bxg7 $5 Kxg7 32. Rxe6 Ng6 33. Rxd6 Rc6 (33... Qc8
34. a6) 34. Qd4+ Ne5 35. Rxc6 Qxc6 36. f4 Qc4 $1 37. Qb2 Qc5+ 38. Kg2 Qd5+ {
Ribli} 1/2-1/2